Majetková, finančná a kapitálová štruktúra podniku diplomová práca

Gespeichert in:
Bibliographische Detailangaben
1. Verfasser: Markovič, Miroslav
Körperschaft: Fakulta podnikového manažmentu EU. Katedra podnikových financií
Weitere Verfasser: Šrenkel, Ľudovít
Format: Buch
Sprache:Slowakisch
Veröffentlicht: Bratislava 2013
Tags: Tag hinzufügen
Keine Tags, Fügen Sie das erste Tag hinzu!

MARC

LEADER 00000nbm a2200000 4500
001 0170691
005 20161109102404.0
041 0 |a slo 
044 |a SK 
245 1 0 |a Majetková, finančná a kapitálová štruktúra podniku  |b diplomová práca  |c Miroslav Markovič ; školiteľ: Ľudovít Šrenkel 
264 1 |a Bratislava  |c 2013 
300 |a 85 s. 
100 1 |a Markovič, Miroslav 
700 1 |a Šrenkel, Ľudovít 
710 2 |a Fakulta podnikového manažmentu EU. Katedra podnikových financií